| 000 | 00558nam a2200217 454500 | ||
|---|---|---|---|
| 001 | 044322 | ||
| 003 | BD-ChCU | ||
| 008 | Eng | ||
| 020 | _a0070573573 | ||
| 040 |
_aDLC _cDLC _dBD-ChCU |
||
| 082 | 0 | 0 | _a519.5/S566n |
| 100 | 1 |
_aSiegel, Sidney. _bCastellan, N. John. |
|
| 245 | 1 | 0 |
_aNonpasrametric statistics for the behavioral sciences _bx |
| 250 | _a2 | ||
| 260 |
_aNew York ; London _bMcGraw-Hill _c1988 |
||
| 300 | _axxiii, 399 | ||
| 504 | _aIncudes | ||
| 650 | 0 |
_aPsychometrics _bNonparametric statistics |
|
| 700 | 1 | _ax | |
| 942 |
_2ddc _cBK |
||
| 999 |
_c44322 _d44322 |
||